| 000 | 01038nam a2200241 a 4500 | ||
|---|---|---|---|
| 001 | 39895 | ||
| 003 | BD-RjUL | ||
| 005 | 20211209053101.0 | ||
| 008 | 160419s1970 bg ||||| |||| 00| 0 ben d | ||
| 020 | _c:TK 16.00 | ||
| 035 | _a(BD-RjUL)40009 | ||
| 040 |
_aBD-RjUL _bben _cBD-RjUL |
||
| 041 | _aben | ||
| 082 |
_223 _a891.4408 _bKAN 1970 |
||
| 100 |
_aখাতুন, নুরুন্নেছা _9122901 |
||
| 245 | 1 | 0 |
_aনূরুন্নেছা গ্রন্থাবলী / _cনূরুন্নেছা খাতুন ; মোহাম্মদ আবদুল কাইউম ভূমিকা |
| 260 |
_aঢাকা : _bবাংলা একাডেমী, _c১৯৭০ |
||
| 300 |
_a[১৭], ৭৫৫ পৃ. ; _c২১ সেমি |
||
| 650 |
_aবাংলা সাহিত্য _xসংগ্রহ _9122902 |
||
| 650 |
_aBengali Literature _xCollection _9122903 |
||
| 700 |
_aকাইউম, মোহাম্মদ আবদুল ভূমিকা _9122904 |
||
| 942 |
_2ddc _cBK |
||
| 999 |
_c39895 _d39895 |
||